Hacia un nuevo sistema tecnológico
Gardado en:
| Formato: | Texto |
|---|---|
| Materias: | |
| Etiquetas: |
Engadir etiqueta
Sen Etiquetas, Sexa o primeiro en etiquetar este rexistro!
|
MARC
| LEADER | 00000 a a2200000 04500 | ||
|---|---|---|---|
| 001 | 5543 | ||
| 003 | |||
| 040 | |||
| 245 | |a Hacia un nuevo sistema tecnológico | ||
| 650 | |a TRABAJADORES | ||
| 650 | |a TECNOLOGIA | ||
| 650 | |a INFORMACION | ||
| 650 | |a SINDICALISMO | ||
| 650 | |a MEDIOS DE COMUNICACION | ||
| 650 | |a DESEMPLEO | ||
| 650 | |a OIT | ||
| 773 | |g número 100 -101; páginas 2-8 | ||
| 999 | |c 36820 |d 36820 | ||
